000 00541nam a2200181Ia 4500
008 100917s9999 xx 000 0 und d
082 _b36443
100 _aमाने श्याम
245 _aबासरीची जादू
260 _bदिलिपराज प्रकाशन
_c1978
300 _a20
365 _b0.6
520 _aबालविभाग
630 _aबासरीची जादू
650 _aबालविभाग
730 _aबासरीची जादू
942 _cBOOK
999 _c641837
_d641834